<?xml version="1.0" encoding="UTF-8"?>
<record
    xmlns:xsi="http://www.w3.org/2001/XMLSchema-instance"
    xsi:schemaLocation="http://www.loc.gov/MARC21/slim http://www.loc.gov/standards/marcxml/schema/MARC21slim.xsd"
    xmlns="http://www.loc.gov/MARC21/slim">

  <leader>00932nam a2200241 a 4500</leader>
  <datafield tag="999" ind1=" " ind2=" ">
    <subfield code="c">6726</subfield>
    <subfield code="d">6726</subfield>
  </datafield>
  <controlfield tag="003">CDMR</controlfield>
  <controlfield tag="005">20231018130514.0</controlfield>
  <controlfield tag="008">140319s2014    spco   ||c    000 0|cat|d</controlfield>
  <datafield tag="020" ind1=" " ind2=" ">
    <subfield code="a">9788415118794</subfield>
  </datafield>
  <datafield tag="040" ind1=" " ind2=" ">
    <subfield code="b">cat</subfield>
    <subfield code="c">CDMR</subfield>
  </datafield>
  <datafield tag="100" ind1="0" ind2=" ">
    <subfield code="a">Colita</subfield>
    <subfield code="9">3026</subfield>
  </datafield>
  <datafield tag="245" ind1="1" ind2="0">
    <subfield code="a">Colita fotograf&#xED;a, Barcelona </subfield>
    <subfield code="c">/ [text: Laura Terr&#xE9;]</subfield>
  </datafield>
  <datafield tag="246" ind1="3" ind2="2">
    <subfield code="a">Colita, perqu&#xE8; s&#xED;!</subfield>
  </datafield>
  <datafield tag="260" ind1=" " ind2=" ">
    <subfield code="a">Barcelona :</subfield>
    <subfield code="b">Fundaci&#xF3; Catalunya-La Pedrera, </subfield>
    <subfield code="c">cop. 2014</subfield>
  </datafield>
  <datafield tag="300" ind1=" " ind2=" ">
    <subfield code="a">183 p. :</subfield>
    <subfield code="b">fotos ;</subfield>
    <subfield code="c">28 cm</subfield>
  </datafield>
  <datafield tag="500" ind1=" " ind2=" ">
    <subfield code="a">Es reprodueix la fotografia del Gran Gilbert a la Bodega Boh&#xE8;mia (1963), del Fons Colita del Centre de Documentaci&#xF3; i Museu de les Arts Esceniques (MAE), p. 73</subfield>
  </datafield>
  <datafield tag="504" ind1=" " ind2=" ">
    <subfield code="a">Biobibliografia</subfield>
  </datafield>
  <datafield tag="505" ind1=" " ind2=" ">
    <subfield code="a">Cat&#xE0;leg de l'exposici&#xF3; "Colita, perqu&#xE8; s&#xED;!", La Pedrera, Barcelona, 11 mar&#xE7; a 13 juliol 2014</subfield>
  </datafield>
  <datafield tag="600" ind1="0" ind2="4">
    <subfield code="a">Colita</subfield>
    <subfield code="x">Exposicions</subfield>
    <subfield code="9">3026</subfield>
  </datafield>
  <datafield tag="650" ind1=" " ind2="4">
    <subfield code="a">Fot&#xF2;grafes</subfield>
    <subfield code="z">Catalunya</subfield>
    <subfield code="v">Exposicions</subfield>
  </datafield>
  <datafield tag="700" ind1="1" ind2=" ">
    <subfield code="a">Terr&#xE9;, Laura</subfield>
  </datafield>
  <datafield tag="942" ind1=" " ind2=" ">
    <subfield code="c">MON</subfield>
    <subfield code="2">udc</subfield>
  </datafield>
  <datafield tag="952" ind1=" " ind2=" ">
    <subfield code="0">0</subfield>
    <subfield code="1">0</subfield>
    <subfield code="4">0</subfield>
    <subfield code="7">0</subfield>
    <subfield code="a">CDMR</subfield>
    <subfield code="b">CDMR</subfield>
    <subfield code="d">2014-04-14</subfield>
    <subfield code="e">Donaci&#xF3;</subfield>
    <subfield code="g">30.00</subfield>
    <subfield code="l">0</subfield>
    <subfield code="o">Ar /1</subfield>
    <subfield code="p">CDMR1404301228</subfield>
    <subfield code="r">2014-04-14</subfield>
    <subfield code="v">30.00</subfield>
    <subfield code="w">2014-04-14</subfield>
    <subfield code="y">MON</subfield>
  </datafield>
</record>
